[Event "DSJ Weihnachtsturnier U20w 2020"]
[Site "https://play.chessbase.com/en/play?room=DSJWeihnachtU20w"]
[Date "2020.12.29"]
[Round "7"]
[White "Leuchsenring, Delia"]
[Black "Wagner, Lea"]
[Result "1-0"]
[Termination "normal"]
[Board "8.4"]
[WhiteElo "1061"]
[BlackElo "757"]
[WhiteTeam "ATSV Oberkotzau"]
[BlackTeam "VSG 1880 Offenbach"]
[PlyCount "71"]
[WhiteFideId "34605304"]
[BlackFideId "34620680"]
[EventRounds "7"]
[EventType "team-swiss"]
[EventDate "2020.12.29"]

1. e4 {[%emt 0:00:04]} e5 {[%emt 0:00:02]} 2. Nf3 {[%emt 0:00:02]} Nc6 { [%emt
0:00:01]} 3. d4 {[%emt 0:00:03]} d5 {[%emt 0:00:12]} 4. Nc3 {[%emt 0:00: 19]}
exd4 {[%emt 0:00:04]} 5. Nxd4 {[%emt 0:00:04]} dxe4 {[%emt 0:00:09]} 6. Nxc6
{[%emt 0:00:06]} Qxd1+ {[%emt 0:00:05]} 7. Nxd1 {[%emt 0:00:10]} Nf6 { [%emt
0:00:09]} 8. Nd4 {[%emt 0:00:15]} Bc5 {[%emt 0:00:13]} 9. Be3 {[%emt 0: 00:05]}
Bxd4 {[%emt 0:00:12]} 10. Bxd4 {[%emt 0:00:03]} Nh5 {[%emt 0:00:52]} 11. Nc3
{[%emt 0:00:11]} Bf5 {[%emt 0:00:11]} 12. Be2 {[%emt 0:00:07]} Nf6 { [%emt
0:00:04]} 13. O-O-O {[%emt 0:00:06]} O-O-O {[%emt 0:00:10]} 14. Bxf6 { [%emt
0:00:15]} gxf6 {[%emt 0:00:03]} 15. Bc4 {[%emt 0:00:05]} Be6 {[%emt 0:00: 13]}
16. Bxe6+ {[%emt 0:00:24]} fxe6 {[%emt 0:00:04]} 17. Nxe4 {[%emt 0:00:01]} f5
{[%emt 0:00:03]} 18. Nc3 {[%emt 0:00:05]} Rxd1+ {[%emt 0:00:09]} 19. Rxd1 {
[%emt 0:00:03]} Rg8 {[%emt 0:00:02]} 20. g3 {[%emt 0:00:07]} h5 {[%emt 0:00:05]
} 21. f4 {[%emt 0:00:02]} Re8 {[%emt 0:00:13]} 22. Re1 {[%emt 0:00:20]} a6 {
[%emt 0:00:09]} 23. Kd2 {[%emt 0:00:12]} Kd7 {[%emt 0:00:04]} 24. Kd3 {[%emt 0:
00:03]} Kd6 {[%emt 0:00:06]} 25. Kd4 {[%emt 0:00:03]} c5+ {[%emt 0:00:13]} 26.
Kc4 {[%emt 0:00:09]} b6 {[%emt 0:00:12]} 27. a4 {[%emt 0:00:15]} e5 {[%emt 0:
00:05]} 28. fxe5+ {[%emt 0:00:08]} Rxe5 {[%emt 0:00:04]} 29. Rxe5 {[%emt 0:00:
02]} Kxe5 {[%emt 0:00:02]} 30. Ne2 {[%emt 0:00:04]} Kd6 {[%emt 0:00:13]
Offenba2-004 offers a draw} 31. b4 {[%emt 0:00:09]} cxb4 {[%emt 0:00:05]} 32.
Kxb4 {[%emt 0:00:03]} a5+ {[%emt 0:00:02]} 33. Kb5 {[%emt 0:00:03]} Kc7 { [%emt
0:00:05]} 34. Nd4 {[%emt 0:00:08]} Kd6 {[%emt 0:00:05]} 35. Nxf5+ { [%emt
0:00:02]} Ke5 {[%emt 0:00:03]} 36. Ne3 {[%emt 0:00:02]} 1-0

[Event "DSJ Weihnachtsturnier U20w 2020"]
[Site "https://play.chessbase.com/en/play?room=DSJWeihnachtU20w"]
[Date "2020.12.29"]
[Round "7"]
[White "Oswald, Lena"]
[Black "Gubler, Katharina"]
[Result "0-1"]
[Termination "normal"]
[Board "9.1"]
[WhiteElo "1768"]
[BlackElo "1330"]
[WhiteTeam "Schachgemeinschaft Leipzig"]
[BlackTeam "SK Kelheim 1920"]
[PlyCount "66"]
[WhiteFideId "12983314"]
[BlackFideId "16282990"]
[EventRounds "7"]
[EventType "team-swiss"]
[EventDate "2020.12.29"]

1. e4 {[%emt 0:00:03]} e5 {[%emt 0:00:02]} 2. Nf3 {[%emt 0:00:02]} Nf6 { [%emt
0:00:02]} 3. Nc3 {[%emt 0:00:03]} Nc6 {[%emt 0:00:03]} 4. d4 {[%emt 0:00: 02]}
exd4 {[%emt 0:00:04]} 5. Nxd4 {[%emt 0:00:02]} Bb4 {[%emt 0:00:03]} 6. Qd3
{[%emt 0:00:22]} O-O {[%emt 0:00:27]} 7. f3 {[%emt 0:00:12]} d5 {[%emt 0:00:33]
} 8. exd5 {[%emt 0:00:41]} Nxd5 {[%emt 0:00:12]} 9. Be2 {[%emt 0:00:08]} Qh4+ {
[%emt 0:00:38]} 10. g3 {[%emt 0:00:33]} Qxd4 {[%emt 0:00:13]} 11. Bd2 {[%emt 0:
00:25]} Nxc3 {[%emt 0:00:57]} 12. bxc3 {[%emt 0:00:06]} Qxd3 {[%emt 0:00:04]}
13. Bxd3 {[%emt 0:00:05]} Bc5 {[%emt 0:00:04]} 14. O-O-O {[%emt 0:00:07]} Be6 {
[%emt 0:00:06]} 15. Kb2 {[%emt 0:00:02]} a5 {[%emt 0:00:08]} 16. f4 {[%emt 0:
00:22]} Rfe8 {[%emt 0:00:17]} 17. c4 {[%emt 0:00:27]} Bd4+ {[%emt 0:00:08]} 18.
c3 {[%emt 0:00:06]} Bc5 {[%emt 0:00:08]} 19. f5 {[%emt 0:00:06]} Bd7 {[%emt 0:
00:07]} 20. Bf4 {[%emt 0:00:18]} Ne5 {[%emt 0:00:07]} 21. Kb3 {[%emt 0:00:45]}
a4+ {[%emt 0:00:07]} 22. Kb2 {[%emt 0:00:05]} Nxd3+ {[%emt 0:00:07]} 23. Rxd3 {
[%emt 0:00:02]} Bc6 {[%emt 0:00:02]} 24. Rhd1 {[%emt 0:00:03]} Re2+ {[%emt 0:
00:08]} 25. Kc1 {[%emt 0:00:11]} Ba3+ {[%emt 0:00:05]} 26. Kb1 {[%emt 0:00:06]}
Be4 {[%emt 0:00:02]} 27. Bxc7 {[%emt 0:00:05]} Bxd3+ {[%emt 0:00:04]} 28. Rxd3
{[%emt 0:00:02]} Rb2+ {[%emt 0:00:08]} 29. Ka1 {[%emt 0:00:04]} Re8 {[%emt 0:
00:04]} 30. Rd1 {[%emt 0:00:07]} h6 {[%emt 0:00:03]} 31. Bf4 {[%emt 0:00:18]}
Ree2 {[%emt 0:00:06]} 32. Bc1 {[%emt 0:00:06]} Rxa2+ {[%emt 0:00:05]} 33. Kb1 {
[%emt 0:00:02]} Bxc1 {[%emt 0:00:03]} 0-1

[Event "DSJ Weihnachtsturnier U20w 2020"]
[Site "https://play.chessbase.com/en/play?room=DSJWeihnachtU20w"]
[Date "2020.12.29"]
[Round "7"]
[White "Bangsa, Citra"]
[Black "Oswald, Hannah"]
[Result "1-0"]
[Termination "normal"]
[Board "9.2"]
[WhiteElo "1398"]
[BlackElo "1675"]
[WhiteTeam "SK Kelheim 1920"]
[BlackTeam "Schachgemeinschaft Leipzig"]
[PlyCount "97"]
[WhiteFideId "34605274"]
[BlackFideId "16214960"]
[EventRounds "7"]
[EventType "team-swiss"]
[EventDate "2020.12.29"]

1. e4 {[%emt 0:00:09]} e5 {[%emt 0:00:03]} 2. Nf3 {[%emt 0:00:01]} Nc6 { [%emt
0:00:02]} 3. Bc4 {[%emt 0:00:01]} Bc5 {[%emt 0:00:02]} 4. d3 {[%emt 0:00: 02]}
Nf6 {[%emt 0:00:02]} 5. Bg5 {[%emt 0:00:02]} h6 {[%emt 0:00:04]} 6. Bh4 { [%emt
0:00:03]} d6 {[%emt 0:00:12]} 7. h3 {[%emt 0:00:14]} Be6 {[%emt 0:00:06]} 8.
Bb5 {[%emt 0:00:09]} O-O {[%emt 0:00:14]} 9. Bxc6 {[%emt 0:00:04]} bxc6 { [%emt
0:00:04]} 10. O-O {[%emt 0:00:03]} Qd7 {[%emt 0:00:17]} 11. Bxf6 { [%emt
0:00:03]} gxf6 {[%emt 0:00:07]} 12. Kh2 {[%emt 0:00:03]} Kh7 {[%emt 0:00: 07]}
13. Qd2 {[%emt 0:00:04]} Rg8 {[%emt 0:00:07]} 14. Rg1 {[%emt 0:00:28]} Bxf2
{[%emt 0:00:08]} 15. Qxf2 {[%emt 0:00:02]} Rg7 {[%emt 0:00:19]} 16. Nh4 { [%emt
0:00:31]} Rag8 {[%emt 0:00:18]} 17. Nc3 {[%emt 0:00:24]} d5 {[%emt 0:00: 28]}
18. Qxf6 {[%emt 0:00:35]} Qd6 {[%emt 0:00:54]} 19. Nf5 {[%emt 0:00:06]} Bxf5
{[%emt 0:00:06]} 20. Qxd6 {[%emt 0:00:15]} cxd6 {[%emt 0:00:02]} 21. exf5
{[%emt 0:00:02]} Rg5 {[%emt 0:00:17]} 22. g4 {[%emt 0:00:03]} Rb8 {[%emt 0:00:
18]} 23. b3 {[%emt 0:00:04]} Rgg8 {[%emt 0:00:07]} 24. a4 {[%emt 0:00:19]} Rge8
{[%emt 0:00:15]} 25. Rae1 {[%emt 0:00:14]} Rb7 {[%emt 0:00:07]} 26. h4 { [%emt
0:00:10]} Rbe7 {[%emt 0:00:07]} 27. g5 {[%emt 0:00:13]} h5 {[%emt 0:00: 20]}
28. g6+ {[%emt 0:00:10]} fxg6 {[%emt 0:00:36]} 29. Rxg6 {[%emt 0:00:39]} Rd8
{[%emt 0:00:33]} 30. Reg1 {[%emt 0:00:33]} Rf8 {[%emt 0:00:36]} 31. f6 { [%emt
0:00:07]} Ref7 {[%emt 0:00:25]} 32. Rg7+ {[%emt 0:00:02]} Rxg7 {[%emt 0:
00:03]} 33. fxg7 {[%emt 0:00:10]} Rg8 {[%emt 0:00:09]} 34. Rg5 {[%emt 0:00:04]}
Kh6 {[%emt 0:00:08]} 35. Ne2 {[%emt 0:00:35]} Rxg7 {[%emt 0:00:08]} 36. Rxg7 {
[%emt 0:00:02]} Kxg7 {[%emt 0:00:02]} 37. Ng3 {[%emt 0:00:02]} Kg6 {[%emt 0:00:
03]} 38. Kg2 {[%emt 0:00:02]} a5 {[%emt 0:00:06]} 39. Kf3 {[%emt 0:00:02]} c5 {
[%emt 0:00:15]} 40. Ke3 {[%emt 0:00:06]} Kh6 {[%emt 0:00:15]} 41. c4 {[%emt 0:
00:14]} dxc4 {[%emt 0:00:08]} 42. bxc4 {[%emt 0:00:10]} Kg6 {[%emt 0:00:02]}
43. Ke4 {[%emt 0:00:02]} Kf6 {[%emt 0:00:18]} 44. Nxh5+ {[%emt 0:00:02]} Kg6 {
[%emt 0:00:02]} 45. Ng3 {[%emt 0:00:02]} Kf6 {[%emt 0:00:02]} 46. h5 {[%emt 0:
00:04]} Kg5 {[%emt 0:00:01]} 47. Kd5 {[%emt 0:00:10]} Kf6 {[%emt 0:00:09]} 48.
Kxd6 {[%emt 0:00:03]} Kg5 {[%emt 0:00:05]} 49. Kxe5 {[%emt 0:00:02]} 1-0

[Event "DSJ Weihnachtsturnier U20w 2020"]
[Site "https://play.chessbase.com/en/play?room=DSJWeihnachtU20w"]
[Date "2020.12.29"]
[Round "7"]
[White "Nguyen, Jenny Ha-Linh"]
[Black "Neumeier, Valentina"]
[Result "1-0"]
[Termination "normal"]
[Board "9.3"]
[WhiteElo "1368"]
[BlackElo "986"]
[WhiteTeam "Schachgemeinschaft Leipzig"]
[BlackTeam "SK Kelheim 1920"]
[PlyCount "93"]
[WhiteFideId "16209729"]
[BlackFideId "34608222"]
[EventRounds "7"]
[EventType "team-swiss"]
[EventDate "2020.12.29"]

1. e4 {[%emt 0:00:10]} e5 {[%emt 0:00:01]} 2. Nf3 {[%emt 0:00:02]} Nc6 { [%emt
0:00:01]} 3. Bc4 {[%emt 0:00:02]} Nf6 {[%emt 0:00:01]} 4. d3 {[%emt 0:00: 01]}
Bc5 {[%emt 0:00:03]} 5. O-O {[%emt 0:00:03]} O-O {[%emt 0:00:03]} 6. c3 { [%emt
0:00:01]} d6 {[%emt 0:00:18]} 7. Bb3 {[%emt 0:00:03]} Bg4 {[%emt 0:00:03] } 8.
Nbd2 {[%emt 0:00:02]} Qd7 {[%emt 0:00:04]} 9. Re1 {[%emt 0:00:06]} h6 { [%emt
0:00:05]} 10. h3 {[%emt 0:00:02]} Bh5 {[%emt 0:00:03]} 11. Nf1 {[%emt 0:
00:01]} Rfe8 {[%emt 0:00:07]} 12. Ng3 {[%emt 0:00:01]} Bg6 {[%emt 0:00:16]} 13.
Nh4 {[%emt 0:00:11]} Bh7 {[%emt 0:00:26]} 14. Nhf5 {[%emt 0:00:06]} Ne7 { [%emt
0:00:23]} 15. Nxe7+ {[%emt 0:00:17]} Rxe7 {[%emt 0:00:06]} 16. Qf3 { [%emt
0:00:02]} a6 {[%emt 0:00:28]} 17. Bxh6 {[%emt 0:00:03]} gxh6 {[%emt 0:00: 05]}
18. Qxf6 {[%emt 0:00:03]} Bg6 {[%emt 0:00:30]} 19. Rad1 {[%emt 0:00:36]} c6
{[%emt 0:00:20]} 20. d4 {[%emt 0:00:06]} exd4 {[%emt 0:00:04]} 21. cxd4 { [%emt
0:00:00]} Bb4 {[%emt 0:00:14]} 22. Re2 {[%emt 0:00:07]} d5 {[%emt 0:00: 23]}
23. e5 {[%emt 0:00:07]} Bd3 {[%emt 0:00:30]} 24. Re3 {[%emt 0:00:15]} Bg6
{[%emt 0:00:21]} 25. Ne2 {[%emt 0:00:26]} Re6 {[%emt 0:00:27]} 26. Qh4 { [%emt
0:00:04]} Be7 {[%emt 0:00:06]} 27. Qxh6 {[%emt 0:00:15]} Bc2 {[%emt 0:00: 20]}
28. Rg3+ {[%emt 0:00:19]} Rg6 {[%emt 0:00:20]} 29. Bxc2 {[%emt 0:00:07]} Bf8
{[%emt 0:00:21]} 30. Qh4 {[%emt 0:00:17]} Be7 {[%emt 0:00:21]} 31. Rxg6+ {
[%emt 0:00:11]} fxg6 {[%emt 0:00:05]} 32. Qg3 {[%emt 0:00:01]} Qe8 {[%emt 0:00:
17]} 33. Bxg6 {[%emt 0:00:06]} Qf8 {[%emt 0:00:09]} 34. Bh5+ {[%emt 0:00:17]}
Kh8 {[%emt 0:00:09]} 35. Nf4 {[%emt 0:00:02]} Qh6 {[%emt 0:00:24]} 36. Ng6+ {
[%emt 0:00:23]} Kh7 {[%emt 0:00:12]} 37. Nxe7 {[%emt 0:00:07]} Qxh5 {[%emt 0:
00:02]} 38. Re1 {[%emt 0:00:10]} Qf7 {[%emt 0:00:07]} 39. Qh4+ {[%emt 0:00:04]}
Kg7 {[%emt 0:00:07]} 40. Qg5+ {[%emt 0:00:02]} Kf8 {[%emt 0:00:05]} 41. Ng6+ {
[%emt 0:00:05]} Ke8 {[%emt 0:00:07]} 42. e6 {[%emt 0:00:06]} Qc7 {[%emt 0:00:
19]} 43. Qh6 {[%emt 0:00:14]} Qf7 {[%emt 0:00:16]} 44. exf7+ {[%emt 0:00:03]}
Kxf7 {[%emt 0:00:02]} 45. Nh8+ {[%emt 0:00:03]} Kg8 {[%emt 0:00:04]} 46. Re7 {
[%emt 0:00:05]} Rf8 {[%emt 0:00:20]} 47. Qg7# {[%emt 0:00:02]} 1-0

[Event "DSJ Weihnachtsturnier U20w 2020"]
[Site "https://play.chessbase.com/en/play?room=DSJWeihnachtU20w"]
[Date "2020.12.29"]
[Round "7"]
[White "Weiß, Sara"]
[Black "Halas, Neele Zoe"]
[Result "0-1"]
[Termination "normal"]
[Board "9.4"]
[WhiteElo "783"]
[BlackElo "1273"]
[WhiteTeam "SK Kelheim 1920"]
[BlackTeam "Schachgemeinschaft Leipzig"]
[PlyCount "30"]
[WhiteFideId "34628436"]
[BlackFideId "16287282"]
[EventRounds "7"]
[EventType "team-swiss"]
[EventDate "2020.12.29"]

1. d4 {[%emt 0:00:07]} d5 {[%emt 0:00:09]} 2. Bf4 {[%emt 0:00:10]} Nf6 { [%emt
0:00:07]} 3. e4 {[%emt 0:00:03]} dxe4 {[%emt 0:00:05]} 4. Bb5+ {[%emt 0:
00:07]} c6 {[%emt 0:00:09]} 5. Bc4 {[%emt 0:00:05]} Nd5 {[%emt 0:00:39]} 6. Be5
{[%emt 0:00:25]} Nd7 {[%emt 0:00:31]} 7. Qe2 {[%emt 0:00:03]} Nxe5 {[%emt 0:00:
07]} 8. Qxe4 {[%emt 0:00:04]} Nxc4 {[%emt 0:00:09]} 9. b3 {[%emt 0:00:07]} Nd6
{[%emt 0:00:07]} 10. c4 {[%emt 0:00:06]} Nxe4 {[%emt 0:00:03]} 11. cxd5 { [%emt
0:00:11]} cxd5 {[%emt 0:00:03]} 12. f3 {[%emt 0:00:01]} Qa5+ {[%emt 0:00: 15]}
13. b4 {[%emt 0:00:05]} Qxb4+ {[%emt 0:00:03]} 14. Nd2 {[%emt 0:00:02]} Qxd2+
{[%emt 0:00:03]} 15. Kf1 {[%emt 0:00:09]} Qf2# {[%emt 0:00:03]} 0-1

[Event "DSJ Weihnachtsturnier U20w 2020"]
[Site "https://play.chessbase.com/en/play?room=DSJWeihnachtU20w"]
[Date "2020.12.29"]
[Round "7"]
[White "Schilay, Maria"]
[Black "Obst, Daria"]
[Result "1-0"]
[Termination "normal"]
[Board "10.1"]
[WhiteElo "1448"]
[BlackElo "1205"]
[WhiteTeam "Schach-Club Vaterstetten-Grasbrunn"]
[BlackTeam "SC Papenburg 2"]
[PlyCount "53"]
[WhiteFideId "12942979"]
[EventRounds "7"]
[EventType "team-swiss"]
[EventDate "2020.12.29"]

1. e4 {[%emt 0:00:43] Restarted B (13.22) OK} e5 {[%emt 0:00:03]} 2. Nf3 {
[%emt 0:01:59]} Nf6 {[%emt 0:00:11]} 3. Nc3 {[%emt 0:00:04]} Nc6 {[%emt 0:00:
04]} 4. d4 {[%emt 0:00:03]} exd4 {[%emt 0:00:03]} 5. Nxd4 {[%emt 0:00:02]} d6 {
[%emt 0:00:04]} 6. Bb5 {[%emt 0:00:03]} Bd7 {[%emt 0:00:02]} 7. Bg5 {[%emt 0:
00:05]} Be7 {[%emt 0:00:03]} 8. O-O {[%emt 0:00:09]} O-O {[%emt 0:00:02]} 9. f4
{[%emt 0:00:07]} h6 {[%emt 0:00:07]} 10. Bh4 {[%emt 0:00:05]} Ng4 {[%emt 0:00:
48]} 11. Bxe7 {[%emt 0:00:14]} Qxe7 {[%emt 0:00:25]} 12. Bxc6 {[%emt 0:00:18]}
Ne3 {[%emt 0:00:08]} 13. Qf3 {[%emt 0:00:30]} Nxf1 {[%emt 0:00:04]} 14. Bxd7 {
[%emt 0:00:03]} Qxd7 {[%emt 0:00:08]} 15. Rxf1 {[%emt 0:00:05]} c5 {[%emt 0:00:
06]} 16. Nf5 {[%emt 0:00:05]} g6 {[%emt 0:00:15]} 17. Ne3 {[%emt 0:00:05]} Rfe8
{[%emt 0:00:14]} 18. Ned5 {[%emt 0:00:06]} Rac8 {[%emt 0:00:17]} 19. Nf6+ {
[%emt 0:00:04]} Kg7 {[%emt 0:00:08]} 20. Nxd7 {[%emt 0:00:03]} Rcd8 {[%emt 0:
00:21]} 21. Nd5 {[%emt 0:00:06]} Kh7 {[%emt 0:00:12]} 22. N7f6+ {[%emt 0:00:05]
} Kh8 {[%emt 0:00:06]} 23. Nxe8 {[%emt 0:00:03]} Rxe8 {[%emt 0:00:02]} 24. Qc3+
{[%emt 0:00:03]} Kh7 {[%emt 0:00:12]} 25. Nf6+ {[%emt 0:00:03]} Kh8 {[%emt 0:
00:08]} 26. Nxe8+ {[%emt 0:00:03]} Kh7 {[%emt 0:00:05]} 27. Qg7# {[%emt 0:00:
04]} 1-0

[Event "DSJ Weihnachtsturnier U20w 2020"]
[Site "https://play.chessbase.com/en/play?room=DSJWeihnachtU20w"]
[Date "2020.12.29"]
[Round "7"]
[White "Ruckes, Lilly"]
[Black "Cizek, Veronika"]
[Result "1-0"]
[Termination "normal"]
[Board "11.1"]
[WhiteElo "845"]
[BlackElo "998"]
[WhiteTeam "Schachzwerge Magdeburg 2"]
[BlackTeam "SC Garching 1980 2"]
[PlyCount "43"]
[WhiteFideId "34600825"]
[EventRounds "7"]
[EventType "team-swiss"]
[EventDate "2020.12.29"]

1. e4 {[%emt 0:00:04]} e5 {[%emt 0:00:03]} 2. Nf3 {[%emt 0:00:03]} Nc6 { [%emt
0:00:03]} 3. Bc4 {[%emt 0:00:04]} Nf6 {[%emt 0:00:07]} 4. d4 {[%emt 0:00: 30]}
exd4 {[%emt 0:00:04]} 5. Nxd4 {[%emt 0:00:02]} Nxd4 {[%emt 0:00:03]} 6. Qxd4
{[%emt 0:00:02]} Bd6 {[%emt 0:00:10]} 7. Bg5 {[%emt 0:00:08]} O-O { [%emt
0:00:03]} 8. e5 {[%emt 0:00:05]} Be7 {[%emt 0:00:12]} 9. O-O {[%emt 0:00: 06]}
d6 {[%emt 0:00:13]} 10. exf6 {[%emt 0:00:03]} Bxf6 {[%emt 0:00:04]} 11. Qd2
{[%emt 0:00:17]} Bxg5 {[%emt 0:00:06]} 12. Qc3 {[%emt 0:00:10]} Bf6 { [%emt
0:00:03]} 13. Qg3 {[%emt 0:00:09]} Bxb2 {[%emt 0:00:11]} 14. Bd3 { [%emt
0:00:08]} Bxa1 {[%emt 0:00:06]} 15. Nd2 {[%emt 0:00:03]} Be5 {[%emt 0:00: 15]}
16. Qe3 {[%emt 0:00:10]} Bd7 {[%emt 0:00:27]} 17. Ne4 {[%emt 0:00:03]} Bc6
{[%emt 0:00:07]} 18. Ng5 {[%emt 0:00:04]} Qe7 {[%emt 0:01:11]} 19. Qh3 { [%emt
0:00:07]} h6 {[%emt 0:00:07]} 20. Qf5 {[%emt 0:00:31]} Rfb8 {[%emt 0:00: 48]}
21. Qh7+ {[%emt 0:00:04]} Kf8 {[%emt 0:00:04]} 22. Qh8# {[%emt 0:00:02]} 1-0

[Event "DSJ Weihnachtsturnier U20w 2020"]
[Site "https://play.chessbase.com/en/play?room=DSJWeihnachtU20w"]
[Date "2020.12.29"]
[Round "7"]
[White "Bobkova, Mariya"]
[Black "Lahne, Paula"]
[Result "1-0"]
[Termination "normal"]
[Board "11.2"]
[WhiteElo "842"]
[BlackElo "816"]
[WhiteTeam "SC Garching 1980 2"]
[BlackTeam "Schachzwerge Magdeburg 2"]
[PlyCount "71"]
[BlackFideId "34639730"]
[EventRounds "7"]
[EventType "team-swiss"]
[EventDate "2020.12.29"]

1. e4 {[%emt 0:00:02]} e5 {[%emt 0:00:02]} 2. Nf3 {[%emt 0:00:02]} Nc6 { [%emt
0:00:02]} 3. Nc3 {[%emt 0:00:01]} Bc5 {[%emt 0:00:04]} 4. Bc4 {[%emt 0: 00:03]}
Nf6 {[%emt 0:00:03]} 5. Ng5 {[%emt 0:00:06]} O-O {[%emt 0:00:05]} 6. Qf3 {[%emt
0:00:11]} h6 {[%emt 0:00:06]} 7. Nh3 {[%emt 0:00:15]} d6 {[%emt 0: 00:06]} 8.
d3 {[%emt 0:00:11]} Bb4 {[%emt 0:00:12]} 9. O-O {[%emt 0:00:09]} Bg4 {[%emt
0:00:10]} 10. Qg3 {[%emt 0:00:05]} Nd4 {[%emt 0:00:16]} 11. Re1 { [%emt
0:00:20]} Bxc3 {[%emt 0:00:09]} 12. bxc3 {[%emt 0:00:02]} Ne2+ {[%emt 0:
00:06]} 13. Rxe2 {[%emt 0:00:20]} Bxe2 {[%emt 0:00:04]} 14. Bxh6 {[%emt 0:00:
02]} Nh5 {[%emt 0:00:20]} 15. Qe3 {[%emt 0:00:35]} Bg4 {[%emt 0:00:22]} 16. Bg5
{[%emt 0:00:08]} Qd7 {[%emt 0:00:09]} 17. Bh6 {[%emt 0:01:18]} gxh6 {[%emt 0:
00:09]} 18. Qxh6 {[%emt 0:00:01]} Ng7 {[%emt 0:00:17]} 19. Ng5 {[%emt 0:00:05]}
Rfd8 {[%emt 0:00:25]} 20. Qh7+ {[%emt 0:00:09]} Kf8 {[%emt 0:00:03]} 21. Qh8+ {
[%emt 0:01:11]} Ke7 {[%emt 0:00:04]} 22. Qxg7 {[%emt 0:00:02]} Rf8 {[%emt 0:00:
49]} 23. Nxf7 {[%emt 0:00:35]} Be6 {[%emt 0:00:21]} 24. Nxe5+ {[%emt 0:00:18]}
Kd8 {[%emt 0:00:11]} 25. Nxd7 {[%emt 0:00:04]} Bxd7 {[%emt 0:00:03]} 26. Qxf8+
{[%emt 0:00:09]} Be8 {[%emt 0:00:02]} 27. Qf6+ {[%emt 0:00:10]} Kd7 {[%emt 0:
00:05]} 28. Qe6+ {[%emt 0:00:28]} Kd8 {[%emt 0:00:04]} 29. d4 {[%emt 0:00:12]}
Bd7 {[%emt 0:01:19]} 30. Qf6+ {[%emt 0:00:09]} Ke8 {[%emt 0:00:09]} 31. Qf7+ {
[%emt 0:00:05]} Kd8 {[%emt 0:00:04]} 32. e5 {[%emt 0:00:17]} c6 {[%emt 0:00:09]
} 33. exd6 {[%emt 0:00:04]} b5 {[%emt 0:00:07]} 34. Qe7+ {[%emt 0:00:07]} Kc8 {
[%emt 0:00:03]} 35. Be6 {[%emt 0:00:06]} Bxe6 {[%emt 0:00:05]} 36. Qc7# { [%emt
0:00:02]} 1-0